[Event "Angers op 8th"]
[Site "Angers"]
[Date "2013.05.03"]
[Round "2"]
[White "Maruejols, Paul"]
[Black "Mercier, Gaetan"]
[Result "1-0"]
[WhiteElo "1477"]
[BlackElo "1539"]
[PlyCount "109"]
[EventDate "2013.05.03"]
[EventType "swiss"]
[EventRounds "6"]
[EventCountry "FRA"]
[SourceTitle "CBM 154 Extra"]
[Source "ChessBase"]
[SourceDate "2013.06.25"]
[SourceVersion "2"]
[SourceVersionDate "2013.06.25"]
[SourceQuality "1"]

1. e4 e5 2. Nf3 Nc6 3. Bc4 Bc5 4. 0-0 Nf6 5. d3 h6 6. h3 0-0 7. Re1 d6 8. Nc3 Bb6 9. a3 Na5 10. Ba2 c5 11. Ne2 Nc6 12. Ng3 Be6 13. Nh4 Ne7 14. Ngf5 Nxf5 15. exf5 Bxa2 16. Rxa2 Nh7 17. Qg4 Qf6 18. c4 Rad8 19. b3 d5 20. Rae2 Bc7 21. Bb2 d4 22. Nf3 Rfe8 23. Nd2 Ba5 24. Ne4 Qe7 25. Rb1 Nf6 26. Nxf6+ Qxf6 27. Bc1 Bc7 28. Re4 Qd6 29. Bd2 Rd7 30. Rbe1 a6 31. f4 f6 32. fxe5 fxe5 33. Rf1 Qf6 34. Bf4 Rde7 35. Bd2 b5 36. Qf3 Rf8 37. b4 bxc4 38. dxc4 Bb6 39. g4 g6 40. Bxh6 Rff7 41. Bd2 gxf5 42. g5 fxe4 43. Qxf6 Rxf6 44. gxf6 Rf7 45. Bh6 Bd8 46. Bg7 e3 47. Rf5 Rxg7+ 48. fxg7 e2 49. Kf2 d3 50. Rf8+ Kxg7 51. Rxd8 Kf7 52. bxc5 e4 53. c6 e3+ 54. Ke1 d2+ 55. Kxe2 1-0

[Event "Angers op 7th"]
[Site "Angers"]
[Date "2012.04.22"]
[Round "5"]
[White "Mercier, Gaetan"]
[Black "Fernandez, Clement"]
[Result "0-1"]
[WhiteElo "1541"]
[BlackElo "1729"]
[PlyCount "40"]
[EventDate "2012.04.20"]
[EventType "swiss"]
[EventRounds "6"]
[EventCountry "FRA"]
[SourceTitle "CBM 148 Extra"]
[Source "ChessBase"]
[SourceDate "2012.06.22"]
[SourceVersion "1"]
[SourceVersionDate "2012.06.22"]
[SourceQuality "1"]

1. e4 e6 2. d4 d5 3. e5 c5 4. Nf3 Qb6 5. c3 Bd7 6. Be2 Bb5 7. a3 Bxe2 8. Qxe2 Qa6 9. Qd1 Nc6 10. Be3 cxd4 11. cxd4 Nge7 12. Nc3 Nf5 13. Qb3 Be7 14. Rc1 0-0 15. h4 Nxe3 16. fxe3 Rac8 17. Kd2 Na5 18. Qb5 Qxb5 19. Nxb5 Nb3+ 20. Ke1 Rxc1+ 0-1

[Event "Angers op 7th"]
[Site "Angers"]
[Date "2012.04.21"]
[Round "3"]
[White "Mercier, Gaetan"]
[Black "Broin, Christian"]
[Result "0-1"]
[WhiteElo "1541"]
[BlackElo "1770"]
[PlyCount "62"]
[EventDate "2012.04.20"]
[EventType "swiss"]
[EventRounds "6"]
[EventCountry "FRA"]
[SourceTitle "CBM 148 Extra"]
[Source "ChessBase"]
[SourceDate "2012.06.22"]
[SourceVersion "1"]
[SourceVersionDate "2012.06.22"]
[SourceQuality "1"]

1. e4 g6 2. d4 Bg7 3. Nf3 d6 4. Bc4 a6 5. 0-0 b5 6. Bd5 c6 7. Bb3 e6 8. c3 Ne7 9. Bg5 0-0 10. Qd2 Bb7 11. Bc2 Nd7 12. Rd1 Nb6 13. b3 Qc7 14. Bh6 c5 15. Bxg7 Kxg7 16. h3 Rad8 17. Nh2 Qc6 18. Ng4 Ng8 19. f3 Nd7 20. Qf2 f5 21. d5 exd5 22. exd5 Qc7 23. Ne3 Ngf6 24. c4 bxc4 25. bxc4 Rb8 26. Nc3 Ne5 27. Ne2 Bc8 28. Bb3 Kh8 29. Nf4 Re8 30. Re1 g5 31. Qb2 gxf4 0-1

[Event "Angers op 1st"]
[Site "Angers"]
[Date "2006.05.08"]
[Round "5"]
[White "Mercier, Gaetan"]
[Black "Gauthier, Laurent"]
[Result "0-1"]
[WhiteElo "1310"]
[BlackElo "1580"]
[PlyCount "108"]
[EventDate "2006.05.06"]
[EventType "swiss"]
[EventRounds "6"]
[EventCountry "FRA"]
[SourceTitle "EXT 2007"]
[Source "ChessBase"]
[SourceDate "2006.11.23"]
[SourceVersion "1"]
[SourceVersionDate "2006.11.23"]
[SourceQuality "1"]

1. e4 e6 2. d4 d5 3. e5 c5 4. c3 Nc6 5. Nf3 cxd4 6. cxd4 Bb4+ 7. Nc3 a6 8. Be2 Nge7 9. 0-0 Nf5 10. Be3 0-0 11. a3 Ba5 12. b4 Nxe3 13. fxe3 Bc7 14. b5 Ne7 15. Qc2 Nf5 16. Qd2 Ba5 17. g4 Nh4 18. Nxh4 Qxh4 19. a4 Bd7 20. Rac1 f6 21. exf6 Bc7 22. Bf3 Rxf6 23. Qg2 Raf8 24. h3 Rh6 25. Nxd5 Bd6 26. b6 Bc6 27. Nc7 Bxf3 28. Rxf3 Rxf3 29. Qxf3 Qxh3 30. Qxh3 Rxh3 31. Re1 Rg3+ 32. Kf2 Rxg4 33. Kf3 Rg6 34. e4 Rg3+ 35. Kf2 Rc3 36. Re3 Rc4 37. e5 Bxc7 38. bxc7 Rxc7 39. Rb3 h5 40. Kg3 g5 41. Rb6 Kf7 42. Kh3 Re7 43. Kg3 Rd7 44. Rb4 Kg6 45. Kh3 Kf5 46. Kg3 Ke4 47. a5 Rxd4 48. Rxb7 Rd3+ 49. Kf2 Kxe5 50. Rb6 Rd6 51. Rb7 Rd5 52. Rg7 Kf6 53. Rh7 h4 54. Rh6+ Kf5 0-1

[Event "Angers op 1st"]
[Site "Angers"]
[Date "2006.05.06"]
[Round "1"]
[White "Mercier, Gaetan"]
[Black "Jolit, Vincent"]
[Result "0-1"]
[WhiteElo "1310"]
[BlackElo "1610"]
[PlyCount "62"]
[EventDate "2006.05.06"]
[EventType "swiss"]
[EventRounds "6"]
[EventCountry "FRA"]
[SourceTitle "EXT 2007"]
[Source "ChessBase"]
[SourceDate "2006.11.23"]
[SourceVersion "1"]
[SourceVersionDate "2006.11.23"]
[SourceQuality "1"]

1. e4 e5 2. Nf3 Nc6 3. Bb5 d6 4. d3 a6 5. Ba4 b5 6. Bb3 Nf6 7. Ng5 d5 8. 0-0 Be7 9. exd5 Nd4 10. c4 Bg4 11. f3 Bf5 12. Ne4 Nd7 13. Be3 Nc5 14. f4 Ndxb3 15. axb3 Nxe4 16. dxe4 exf4 17. exf5 fxe3 18. Qe2 Bc5 19. Nc3 b4 20. Nd1 0-0 21. Nxe3 Re8 22. Rf3 Qg5 23. Re1 Re5 24. Kf2 Rae8 25. Qd3 Qh4+ 26. Rg3 Qxh2 27. Kf3 Bxe3 28. Rh3 Qf4+ 29. Ke2 Bf2+ 30. Kd1 Rxe1+ 31. Kc2 Qc1# 0-1

[Event "Angers op 1st"]
[Site "Angers"]
[Date "2006.05.06"]
[Round "2"]
[White "Terrat, Francois"]
[Black "Mercier, Gaetan"]
[Result "0-1"]
[WhiteElo "1499"]
[BlackElo "1310"]
[PlyCount "66"]
[EventDate "2006.05.06"]
[EventType "swiss"]
[EventRounds "6"]
[EventCountry "FRA"]
[SourceTitle "EXT 2007"]
[Source "ChessBase"]
[SourceDate "2006.11.23"]
[SourceVersion "1"]
[SourceVersionDate "2006.11.23"]
[SourceQuality "1"]

1. c4 e5 2. Nc3 Nf6 3. e3 Nc6 4. Nf3 h6 5. Be2 Bc5 6. d4 exd4 7. exd4 Be7 8. d5 Nb8 9. Ne5 d6 10. Nd3 Bd7 11. Nb4 a6 12. Qc2 c6 13. Bf3 Qc8 14. Ne4 a5 15. Nd3 cxd5 16. Nxf6+ Bxf6 17. Bxd5 0-0 18. c5 Bf5 19. Qb3 Bxd3 20. Bxb7 Qe8+ 21. Be3 Ra7 22. c6 Nxc6 23. Rc1 Nb4 24. Rc8 Qe7 25. Rxf8+ Kxf8 26. Bd5 Bd4 27. Kd2 Bxe3+ 28. fxe3 Rc7 29. Rc1 Rxc1 30. Kxc1 Qxe3+ 31. Kd1 Qe2+ 32. Kc1 Qe1+ 33. Qd1 Nxa2+ 0-1